Effet de difere`rents engrais liquides sur la culture de laitue a` l'universite` royale d'agriculture. (Record no. 1570)

000 -LEADER
fixed length control field 00465nam a22001577a 4500
003 - CONTROL NUMBER IDENTIFIER
control field OSt
005 - DATE AND TIME OF LATEST TRANSACTION
control field 20241206182335.0
008 - FIXED-LENGTH DATA ELEMENTS--GENERAL INFORMATION
fixed length control field 151001b xxu||||| |||| 00| 0 eng d
040 ## - CATALOGING SOURCE
Transcribing agency RUA
082 ## - DEWEY DECIMAL CLASSIFICATION NUMBER
Classification number AGR SOU 2005 B062 Or.1
100 ## - MAIN ENTRY--PERSONAL NAME
9 (RLIN) 17433
Personal name SOUK SOPHORN,
245 ## - TITLE STATEMENT
Title Effet de difere`rents engrais liquides sur la culture de laitue a` l'universite` royale d'agriculture.
260 ## - PUBLICATION, DISTRIBUTION, ETC. (IMPRINT)
Place of publication, distribution, etc. phnom phen
Name of publisher, distributor, etc. RUA
Date of publication, distribution, etc. 2005
300 ## - PHYSICAL DESCRIPTION
Extent 40p.
Other physical details ill.
Dimensions 29cm.
942 ## - ADDED ENTRY ELEMENTS (KOHA)
Source of classification or shelving scheme
Koha item type AGR
Holdings
Price effective from Date last seen Permanent Location Not for loan Date acquired Source of classification or shelving scheme Koha item type Lost status Withdrawn status Date last checked out Total Checkouts Shelving location Damaged status Barcode Current Location Full call number
2015-10-012015-10-01Library Block B 2015-10-01 AGR    B062 A081186Library Block BAGR SOU 2005 B062 Or.1
2015-10-012015-10-01Library Block B 2015-10-01 AGR    B062 A081691Library Block BAGR SOU 2005 B062 Or.2
2015-10-012015-10-01Library Block B 2015-10-01 AGR    B062 A081174Library Block BAGR SOU 2005 B062 Or.3
2015-10-012015-10-01Library Block B 2015-10-01 AGR    B062 A081178Library Block BAGR SOU 2005 B062 Or.4
2015-10-012024-12-06Library Block B 2015-10-01 AGR  2024-12-061B062 A081997Library Block BAGR SOU 2005 B062 Or.5
2015-10-012015-10-01Library Block B 2015-10-01 AGR    B062 RUA003323Library Block BAGR SOU 2005 B062 Or.6
មជ្ឈមណ្ឌលឯការនៃសាកលវិទ្យាល័យភូមិន្ទកសិកម្មចំការដូង

Powered by Koha